[Event "Fujitsu Siemens Giants"]
[Site "Frankfurt"]
[Date "2000.06.25"]
[Round "9"]
[White "Kasparov, Garry"]
[Black "Kramnik, Vladimir"]
[Result "1/2-1/2"]
[WhiteElo "2851"]
[BlackElo "2758"]
[Annotator "Rogozenco,D"]
[PlyCount "70"]
[EventDate "2000.06.22"]
[EventType "tourn"]
[EventRounds "10"]
[EventCountry "GER"]
[EventCategory "21"]
[SourceTitle "CBM 078"]
[Source "ChessBase"]
[SourceDate "2000.10.18"]
[SourceVersion "1"]
[SourceVersionDate "2000.10.18"]
[SourceQuality "1"]

1. e4 c5 2. Nf3 Nc6 3. d4 cxd4 4. Nxd4 Nf6 5. Nc3 e5 6. Ndb5 d6 7. Bg5 a6 8.
Na3 b5 9. Nd5 Be7 10. Bxf6 Bxf6 11. c3 Bg5 12. Nc2 Rb8 13. a3 {It's amazing
that Kasparov is not going for the main line 13.a4. That might be a sign that
Black is doing fine there. In this case the system with early 12. ... Bg5 and
13. ... Rb8 is not worse than more popular Black's set-ups in 9.Nd5 line.} a5 (
13... O-O {I always thought this move is more precise, but it may be a
subjective approach. Interesting what Kasparov had here in mind, as the
earlier practice couldn't show anything for White.} 14. h4 {This can be the
move to emphasise the drawback of 13. ... 0-0. The future practice will give
an answer.} (14. Ncb4 Bb7 15. h4 Bh6 16. g4 Bf4 $13) 14... Bh6 15. g4 Bf4 16.
Qf3 Be6 17. Nxf4 Qf6 18. Nb4 Nxb4 19. axb4 exf4 $13) 14. Bd3 Ne7 15. Nxe7 Qxe7
16. Qe2 {This set-up (Bd3 and Qe2) is the most logical after Black's 13. ...
a5.} O-O {Interesting novelty. Black hopes to get initiative after Bxb5.} (
16... Bd7 17. b4 a4 (17... axb4 18. Nxb4 O-O 19. Nd5 Qe6 20. O-O $14) 18. Ne3
Bxe3 19. Qxe3 O-O 20. c4 bxc4 21. Bxc4 Rfc8 22. Rc1 Be6 23. Bxe6 Rxc1+ 24. Qxc1
Qxe6 25. O-O Rc8 26. Qd2 Qb3 27. Rc1 Rxc1+ 28. Qxc1 h5 29. h4 g6 30. f3 Kg7 31.
Kf2 Qa2+ 32. Kf1 Qb3 33. Ke2 Qa2+ 34. Kf1 Qb3 35. Ke2 Qa2+ 36. Kf1 {1/2-1/2
Korneev,O-Illescas Cordoba,M/Cala Galdana 1999}) (16... Qb7 17. O-O O-O 18. b4
a4 19. c4 $14 {1-0 De Firmian,N-Sutovskij,E/Essen 1999 (42)}) 17. O-O (17. Bxb5
f5 18. Bc4+ (18. a4 fxe4 19. Qxe4 Bb7 (19... Bf5 20. Qe2 $13) 20. Qc4+ Kh8 (
20... d5 21. Qe2 $13) 21. O-O Rf4 22. Qe2 Rbf8 $44 {Black has enough
compensation, as White cannot easily use his extra pawn and Black is ready for
an active play.}) 18... Kh8 19. b4 fxe4 20. O-O Bb7 21. Rad1 $13 {Black's
position looks promising, although a creative play is required.}) 17... Bd7 18.
b4 {Fixing the weakness on b5. I would say that White is slightly better, as
his play is easier, but Black's position is quite solid.} axb4 (18... a4 19. c4
bxc4 20. Bxc4 $14) 19. Nxb4 Rfc8 20. c4 {White must play it anyway soonet or
later. His plan is to advance a-pawn and try to use the fact that black Bishop
on g5 cannot defend the queenside.} bxc4 21. Bxc4 Be6 22. Bd5 Qd7 23. Qa6 (23.
Rfb1 $142 Bg4 (23... Rc3 24. a4) (23... Qa4 $2 24. Bxe6 fxe6 25. Qg4) 24. Qa6
$14) 23... Rc3 24. Rfd1 (24. Rfb1) 24... Bg4 25. Rdb1 Rbc8 {Black succeeded to
neutralize White's positional factors by getting very good dynamic. The
position remains very unclear, but one can say that Black improved the
position of all pieces, while White didn't advance his a-pawn yet.} 26. a4 (26.
Bb7 $5 {Here or on the next move White could've tried to bring the Knight into
play.} Rb8 27. Nd5) 26... h5 {Naturally Black is looking for counterplay on
the kingside. 26. ... h5 is also a defending move: Black needs "Luft" for his
King anyway.} 27. a5 (27. Bb7) 27... Bh4 28. Qb7 {understandable desire to
swap Queens.} (28. f3 Rxf3 (28... Bxf3 29. gxf3 Rxf3 30. Ra2) 29. gxf3 (29. Bb7
Rcc3 30. Nd5 Rc2 {is just winning for Black}) 29... Bxf3 {and Black has at
least perpetual, although probably not more than that.} 30. Rb2 Qg4+ 31. Kf1
Qh3+ 32. Kg1) 28... R3c7 (28... R8c7 {this is probably more precise than the
game (see comments to 31.Nc6).} 29. a6 Bh3 30. gxh3 Qxh3 31. Qb6 R7c5 $1) 29.
a6 (29. Qa6) 29... Bh3 $1 {threatening first of all Qg4.} 30. gxh3 (30. f3 $13)
30... Qxh3 31. Qb6 $2 (31. Nc6 $1 {last chance to defend was to keep away
black Rooks. By the way, that's why on the move 28 was better to leave one
Rook on c3.} Qg4+ (31... Bxf2+ $2 {loses, as the King walks to the queenside}
32. Kxf2 Qxh2+ 33. Ke3 Qg3+ 34. Kd2 Qf2+ 35. Kc3 Qe3+ 36. Kb4 Qc5+ 37. Ka4) 32.
Kf1 Qh3+ 33. Ke2 (33. Kg1 Qg4+ $11) 33... Qg4+ 34. Kd2 Qf4+ 35. Kc3 Bxf2 $13)
31... Bg5 $2 (31... Rc5 $1 {Very strong move, which cuts white Queen from
defending f2. The threat Bxf2 followed by Rc2 looks decisive.} 32. Nd3 (32. a7
Bxf2+ 33. Kxf2 Rc2+ 34. Nxc2 Rxc2+ 35. Ke1 Qc3+ 36. Kf1 Qf3+ {and mate.}) (32.
Qb7 Bxf2+ 33. Kxf2 Rc2+ $19) (32. Rf1 {doesn't help either} Bxf2+ $1 $19) (32.
Bc6 Qg4+ 33. Kf1 Qf3 $19) 32... Qxd3 33. Rf1 Qf3 34. Ra2 Rc1 {with a very
strong attack.} 35. Ra1 Qg4+ $1 (35... R8c5 {strange enough, but this seem to
achieve nothing as the pawn on c5 is in Wj\hite's favour:} 36. Qxc5 $1 Qg4+ 37.
Kh1 Rxa1 38. Rxa1 Qf3+ 39. Kg1 dxc5 40. Ra2 {the Rook is well placed on a2,
and the difference with the other line is that the pawn on c5 stands bad,
because the Queen doesn't control the square a7 after Qe3:} Qg4+ 41. Kf1 Qh3+
42. Kg1 Bxf2+ 43. Rxf2 $11 Qe3 44. a7) 36. Kh1 Rxa1 37. Rxa1 Qf3+ 38. Kg1 Rc2
39. Rf1 Bxf2+ 40. Qxf2 Rxf2 41. Rxf2 Qe3 42. Kg2 (42. Bxf7+ Kh7 43. Bd5 h4 $19)
42... Kh7 $1 43. Ra2 Qa7 {and Black must be winning.}) 32. Nd3 (32. a7 Bf4 33.
a8=Q Bxh2+ 34. Kh1 $11) 32... Qg4+ ({There was no point to complicate things
with} 32... Qxd3 $2 33. a7 Qh3 34. Qb3 $1 $18 (34. Qxc7 Qg4+ 35. Kf1 Qh3+ 36.
Ke1 Rxc7 37. a8=Q+ Kh7 {and although White is a Rook up, Black has some
chances.})) 33. Kf1 Qh3+ 34. Kg1 Qg4+ 35. Kf1 Qh3+ 1/2-1/2

[Event "Dortmund SuperGM"]
[Site "Dortmund"]
[Date "2000.07.15"]
[Round "8"]
[White "Kramnik, Vladimir"]
[Black "Huebner, Robert"]
[Result "1-0"]
[WhiteElo "2770"]
[BlackElo "2615"]
[Annotator "Knaak,R"]
[PlyCount "53"]
[EventDate "2000.07.07"]
[EventType "tourn"]
[EventRounds "9"]
[EventCountry "GER"]
[EventCategory "17"]
[SourceTitle "CBM 078"]
[Source "ChessBase"]
[SourceDate "2000.10.18"]
[SourceVersion "1"]
[SourceVersionDate "2000.10.18"]
[SourceQuality "1"]

1. d4 d5 2. Nf3 Nf6 3. c4 dxc4 4. e3 e6 5. Bxc4 c5 6. O-O a6 7. Bb3 cxd4 8.
exd4 Nc6 9. Nc3 Be7 10. Re1 O-O {Die Variante gilt als gut spielbar für
Schwarz; auch in Partien von Kasparov, Anand und Kramnik hat sie sich bewährt.
Die bisher gespielten Züge Bg5, Bf4 und a3 konnten die schwarze Stellung nicht
erschüttern.} 11. h4 $5 {Ein neuer und zudem unerwarteter Zug.} Na5 ({Auf} 
11... b5 {würde} 12. d5 {folgen.}) 12. Bc2 b5 13. Qd3 Bb7 14. h5 {Nun stellt
15.Bg5 schon eine Drohung dar.} Bxf3 {Nimmt das Bauernopfer an; stattdessen kam
} (14... Nc4 $5 {in Frage.}) 15. Qxf3 Qxd4 16. Bf4 {Es fällt mir schwer in der
Folge Verbesserungsvorschläge für Schwarz zu unterbreiten.} b4 17. Rad1 Qc4 ({
In Schach war folgende Variante zu sehen:} 17... Qc5 18. Re5 Qc6 19. Qg3 bxc3
20. Bh6 Ne8 21. Bxg7 Nxg7 22. h6 Bf6 23. hxg7 (23. Rg5 $2 Rfd8 $1) 23... Bxe5
24. gxf8=Q+ Kxf8 25. Qxe5 cxb2 26. Qxb2 {Weiß hat hervorragende Aussichten.})
18. Bd3 Qc6 19. Ne4 Nd5 20. Be5 f5 {Nach diesem Zug wird deutlich, dass Weiß
mehr als Kompensation für den Bauern hat, denn der Bauer e6 wird zu schwach.} (
{Etwas besser sieht} 20... f6 {aus. Nach} 21. Bd4 {käme Weiß auch schnell zu
Druck gegen den Pe6.}) 21. Qg3 Rf7 22. Nd2 {Auf dem Weg nach d4!} Nb7 23. Nf3
Nc5 24. Nd4 Qb6 ({Auch nach} 24... Qc8 25. Bc4 Ne4 26. Qb3 {besitzt Weiß
deutlichen Vorteil.}) 25. Nxf5 $1 exf5 (25... Nxd3 26. Nh6+ (26. Rxd3 exf5 27.
Rxd5) (26. Nxe7+ Nxe7 27. Rxd3) 26... Kf8 27. Nxf7 Qxf2+ 28. Qxf2 Nxf2 29. Kxf2
Kxf7) 26. Bc4 Nf6 27. Bc7 $1 {Die zusätzliche Drohung Txe7 entscheidet nun
sofort und Schwarz gibt daher auf.} 1-0

[Event "Budapest RWE Gas m"]
[Site "Budapest"]
[Date "2001.01.02"]
[Round "1"]
[White "Kramnik, Vladimir"]
[Black "Leko, Peter"]
[Result "1-0"]
[WhiteElo "2770"]
[BlackElo "2743"]
[Annotator "Krasenkow,M"]
[PlyCount "73"]
[EventDate "2001.01.02"]
[EventType "match (rapid)"]
[EventRounds "12"]
[EventCountry "HUN"]
[SourceTitle "CBM 081"]
[Source "ChessBase"]
[SourceDate "2001.03.20"]
[SourceVersion "1"]
[SourceVersionDate "2001.03.20"]
[SourceQuality "1"]

{[%mdl 544]} 1. d4 Nf6 2. c4 g6 3. Nc3 d5 4. Nf3 Bg7 5. cxd5 Nxd5 6. e4 Nxc3 7.
bxc3 c5 8. Be3 Qa5 9. Qd2 Nc6 10. Rc1 cxd4 11. cxd4 Qxd2+ 12. Kxd2 O-O 13. d5
Rd8 14. Ke1 Ne5 {A rare continuation. It is not advised to exchange White's
poorly placed f3 knight, after which the f2 pawn can move forward gaining a
tempo.} (14... Na5 {is the main line - see Kramnik-Van Wely.}) 15. Nxe5 Bxe5 {
[%mdl 4096]} 16. f4 Bd6 ({After} 16... Bg7 {White can easily prepare e4-e5,
which cuts the g7 bishop off, e.g.} 17. Kf2 Kf8 18. Bc4 (18. Rc7 Rd7 19. Rc2 f5
20. Bd3 fxe4 21. Bxe4 b6 22. d6 Bb7 $11) 18... Bd7 19. Bb3 b5 (19... a5 20. Bb6
a4 21. Bc4 $16) 20. e5 {[%csl Gd5,Ge5,Rg7]} (20. Rc7 $5 a5 21. Rhc1) 20... a5
21. a3 Rdc8 22. Bd2 Ke8 23. Rxc8+ Bxc8 $16 {1/2-1/2 Jezidzic,G-Ivanovic,Z/
CRO-chT Makarska 1994}) 17. Kf2 {[%cal Ge4e5]} (17. e5 $2 Bb4+ 18. Kf2 Rxd5)
17... e5 {This was Black's idea; however, White's protected passed pawn
guarantees him the better prospects.} 18. Bc5 $1 {[%mdl 544] This bishop
exchange brings White the following benefits: first, the blockading bishop is
replaced by a less suitable piece (the rook); second, the white rook can now
invade to c7. The loss of the f4 pawn is a factor of minor importance. Such a
deep positional pawn sacrifice is Kramnik's pet method of play.} Bxc5+ ({
I would prefer} 18... exf4 19. Bxd6 Rxd6 {although after} 20. Kf3 g5 $140 21.
h4 {White is clearly better.}) 19. Rxc5 exf4 20. Kf3 {Not just recapturing the
pawn - the king is going to support his own pawns!} Bd7 (20... g5 21. h4 {
opens up the file for the h1 rook. The pawn will be recaptured anyway as after}
h6 22. hxg5 hxg5 23. Rh5 f6 24. e5 {the black position breaks down.}) 21. Bd3
Rac8 22. Rhc1 g5 ({After} 22... Rxc5 23. Rxc5 Rc8 24. Rxc8+ Bxc8 25. Kxf4 {
[%cal Yf4e5,Ye5d6,Yd6c7] White must win the bishop endgame, e.g.} f6 (25... Kf8
26. Ke5 Ke7 27. d6+ Kd8 28. Kf6 Be6 29. a4 {and White wins by means of e4-e5,
Kf6-g7-f8 and Bd3-b5-e8 (of course, if ...a7-a6 then a4-a5 etc.)}) 26. e5 Kf7 (
26... fxe5+ 27. Kxe5 Kf7 28. Kd6 Z0 29. Kc7) 27. e6+ $1 Ke7 28. h4 $18 {
[%cal Yh4h5]}) {The text move enables the white rook to invade to the 7th rank.
} 23. Rc7 {[%cal Rc7d7]} Rxc7 (23... Re8 24. R1c2 {[%cal Rc7d7,Rc7b7]}) 24.
Rxc7 Ba4 {A desperate attempt to get some "counterplay"} (24... Bc8 25. e5 {
[%cal Yf3e4]}) 25. Kg4 $1 {Before capturing the b7 pawn White activates his
king.} h6 26. Rxb7 Rd7 27. Rb4 Bd1+ 28. Kf5 Kg7 29. h4 $1 f6 30. hxg5 hxg5 (
30... fxg5 31. e5 Rxd5 32. Rb7+ Kf8 33. Kf6 Rd8 34. Bc4 $18) 31. e5 $1 fxe5 32.
Kxe5 {The plan started with White's 20th move has been completed! His king has
reached this dominant position, which, together with the passed d5 pawn,
brings White an easy win, in spite of the limited pawn material.} f3 (32...
Re7+ 33. Kf5 Rd7 34. Be4 Kh6 35. Rb1 Bh5 36. Rh1 $18) 33. gxf3 Bxf3 34. d6 Rd8
35. Bf5 (35. Ra4 $18) 35... Bc6 (35... Re8+ 36. Be6 Bc6 37. Kf5 Rd8 38. d7 $18)
36. d7 $1 Rf8 37. Rd4 (37. Rd4 Rd8 38. Kd6 $18) 1-0

[Event "Budapest RWE Gas m"]
[Site "Budapest"]
[Date "2001.01.02"]
[Round "2"]
[White "Leko, Peter"]
[Black "Kramnik, Vladimir"]
[Result "1/2-1/2"]
[WhiteElo "2743"]
[BlackElo "2770"]
[PlyCount "88"]
[EventDate "2001.01.02"]
[EventType "match (rapid)"]
[EventRounds "12"]
[EventCountry "HUN"]
[SourceTitle "CBM 081"]
[Source "ChessBase"]
[SourceDate "2001.03.20"]
[SourceVersion "1"]
[SourceVersionDate "2001.03.20"]
[SourceQuality "1"]

1. e4 e5 2. Nf3 Nc6 3. Bb5 Nf6 4. O-O Nxe4 5. d4 Nd6 6. Bxc6 dxc6 7. dxe5 Nf5
8. Qxd8+ Kxd8 9. Nc3 Bd7 10. b3 Kc8 11. Bb2 Be7 12. Rfe1 a5 13. h3 h5 14. Ne4
a4 15. Neg5 Be6 16. Nxe6 fxe6 17. Re4 axb3 18. axb3 Rxa1+ 19. Bxa1 Rd8 20. Kf1
Rd1+ 21. Re1 Rd5 22. Ke2 Ra5 23. Kd3 Bc5 24. Bc3 Ra2 25. Rf1 Kd7 26. Ng5 Be7
27. Ne4 Nh4 28. g3 Nf3 29. Rd1 Ke8 30. Ke3 Ng5 31. Nxg5 Bxg5+ 32. Kd3 Ra8 33.
Ke4 Ra2 34. Kd3 Ra8 35. Rf1 Be7 36. f4 g6 37. Ke4 Ra2 38. Rf2 b5 39. g4 hxg4
40. hxg4 c5 41. Kd3 Kf7 42. Rh2 Kg8 43. Rh1 Ra8 44. f5 gxf5 1/2-1/2

[Event "Budapest RWE Gas m"]
[Site "Budapest"]
[Date "2001.01.04"]
[Round "5"]
[White "Kramnik, Vladimir"]
[Black "Leko, Peter"]
[Result "0-1"]
[WhiteElo "2770"]
[BlackElo "2743"]
[Annotator "Stohl,I"]
[PlyCount "88"]
[EventDate "2001.01.02"]
[EventType "match (rapid)"]
[EventRounds "12"]
[EventCountry "HUN"]
[SourceTitle "CBM 081"]
[Source "ChessBase"]
[SourceDate "2001.03.20"]
[SourceVersion "1"]
[SourceVersionDate "2001.03.20"]
[SourceQuality "1"]

1. Nf3 c5 2. c4 Nf6 3. Nc3 e6 4. g3 b6 5. Bg2 Bb7 6. O-O Be7 7. d4 cxd4 8. Qxd4
Nc6 (8... d6 {is the more usual Hedgehog move, the N on d7 doesn't obstruct
the Bb7. Also in this game Black will later transfer his N to d7.}) 9. Qf4 O-O
10. Rd1 (10. e4 d6 11. b3 a6 12. Rd1 Qc7 {enables Black to save a tempo in
compratison with the game.}) 10... Qb8 11. e4 {White decides to increase his ()
in the [+]. Black's position is very solid and can withstand piece pressure:} (
11. b3 Rd8 12. Bb2 h6 13. Rd2 (13. Rac1 $5) 13... Qxf4 14. gxf4 Na5 15. Rad1 d5
16. cxd5 Nxd5 17. Nxd5 Bxd5 18. Ne5 Bxg2 19. Kxg2 Rxd2 20. Rxd2 Kf8 21. Rc2 Ke8
22. Kf3 Rd8 23. Nd3 f6 24. b4 Nb7 25. a4 Rd5 26. Rc7 Rd7 $11 {Kramnik,V-Leko,P/
Linares/1999/}) 11... d6 12. b3 a6 13. Bb2 (13. Qe3 b5 14. cxb5 axb5 15. Bb2
Ra5 16. Rac1 Ba8 17. Nd4 Rc8 18. Nxc6 Bxc6 19. Nd5 $1 Bxd5 20. exd5 e5 21. a3
$14 {Lautier,J-Kramnik,V/Monte Carlo rapid/2000/}) (13. Ba3 $5 Ne5 14. Qe3
Nxf3+ 15. Bxf3 Nd7 16. Rd2 Rc8 17. Rad1 Nc5 18. Bg2 Bc6 {Shalimov,V-Budnikov,O/
Kharkov/2000/} 19. Nd5 Bf8 20. Nb4 Bb7 21. Nd3 $14) 13... Qc7 14. h3 (14. Rac1
Ne5 (14... Rfd8 $2 15. Nd5 exd5 16. cxd5 $16 {Santos,L-Nogueira,N/Lisbon/1994/}
) 15. Nd4 $14 {leads to a similar position as in the game.} (15. Nxe5 dxe5 16.
Qf3 Rfd8 $11 {[%csl Rd4,Re4] /=/+,><e4,d4})) 14... Rac8 15. Qe3 Ne5 $1 {
Black manoeuvres his N to a better square, it's difficult for White to exploit
the loss of time, as the position still remains closed.} 16. Nd4 h6 17. Rd2 (
17. g4 $6 Ng6 18. Qg3 Nd7 $15 {[%csl Rf4,Rh4] ><h4,f4}) 17... Rfe8 18. Kh1 Ned7
19. f4 (19. Re1 d5 $1 20. e5 Ne4 21. Nxe4 dxe4 $36 {/\} 22. Bxe4 Bb4 $17) 19...
Bf8 20. Rf1 (20. g4 $5 {[%cal Ye3g3,Yh3h4,Yg4g5] /\Re1,Qg3,h4,g5+/=}) 20... Qb8
21. g4 Nh7 22. Rdf2 {White will not have any attacking chances on the <->f, he
should have preferred other ways of stroming Black's >>.} (22. h4 $142 $5 g6
23. g5 $14) 22... Ba8 23. Qg3 g6 $13 24. f5 $6 {[%csl Re5] ><e5} Bg7 25. Nce2 (
25. fxg6 $142 fxg6 26. Qe3 Ne5 $11 {/=/+}) 25... Nc5 26. fxg6 fxg6 27. Qe3 e5
$1 {[%csl Re4] ><e4} 28. Nc2 b5 $1 $36 {[%csl Rc4][%mdl 4] ><c4 A typical
Hedgehog break, White's centre is under pressure.} 29. cxb5 $2 (29. Na3 bxc4
30. Nxc4 Nxe4 $1 31. Bxe4 d5 $40) (29. Nc3 $5 bxc4 30. bxc4 Ng5 $15 {/~~} (
30... Qxb2 $2 31. Rb1 $14)) 29... Nxe4 $1 30. Bxe4 $8 Rxc2 $17 31. Nc3 (31. Ng3
Rxf2 32. Rxf2 d5 $19) 31... Rxf2 32. Rxf2 Ng5 $5 (32... axb5 33. Kh2 b4 34. Nd5
$17) 33. Bg2 ({Probably the last chance was} 33. bxa6 $5 Nxe4 34. Nxe4 Qb5 $40
(34... Qb4 35. Re2 d5 36. Qc5 $14) (34... d5 35. Nf6+ $8 Bxf6 36. Qxh6 d4+ 37.
Kg1 Bg7 38. Qxg6 Bd5 39. Rf5 $132)) (33. Bxa8 Qxa8+ 34. Kh2 d5 $17) 33... Bxg2+
34. Kxg2 (34. Rxg2 axb5 35. Nd5 Rf8 $40) 34... Qb7+ 35. Kg1 axb5 $19 {[%csl
Gd6,Ge5,Rg1] [+],->} 36. h4 Ne6 37. Ne4 Qe7 38. g5 Nf4 $138 (38... hxg5 $142
$19) 39. gxh6 $2 (39. Nxd6 $1 Qxd6 40. Rxf4 Qd1+ 41. Kg2 Rd8 42. Rf2 $17) 39...
Bxh6 40. Qg3 Qe6 41. Kh2 d5 42. Ng5 (42. Nc5 Qd6 $19) 42... Bxg5 43. hxg5 (43.
Qxg5 Qh3+ 44. Kg1 Qe3 45. Qg4 Rf8 $19) 43... Re7 44. Rc2 (44. Bxe5 Nh5 $19)
44... Qf5 (44... Rh7+ 45. Kg1 Qb6+ 46. Qf2 (46. Rf2 Ne2+) 46... Nh3+ $19) 0-1

[Event "Budapest RWE Gas m"]
[Site "Budapest"]
[Date "2001.01.04"]
[Round "6"]
[White "Leko, Peter"]
[Black "Kramnik, Vladimir"]
[Result "1/2-1/2"]
[WhiteElo "2743"]
[BlackElo "2770"]
[Annotator "Lukacs,P"]
[PlyCount "80"]
[EventDate "2001.01.02"]
[EventType "match (rapid)"]
[EventRounds "12"]
[EventCountry "HUN"]
[SourceTitle "CBM 081"]
[Source "ChessBase"]
[SourceDate "2001.03.20"]
[SourceVersion "1"]
[SourceVersionDate "2001.03.20"]
[SourceQuality "1"]

1. e4 e5 2. Nc3 Nf6 ({The symmetrical} 2... Nc6 {is the other main line}) 3. g3
d5 4. exd5 Nxd5 5. Bg2 Nxc3 6. bxc3 Bd6 7. Nf3 O-O 8. O-O Nd7 9. d4 {White has
some advantage in the [+], but his << is weakened.} h6 (9... c5 $5 {-
Finkel-Lev, Kfar-Sava ISR 2000}) 10. Re1 exd4 11. cxd4 Nb6 {Black wants to
control the vital >< c4 and d5 squares.} (11... Re8 {allows White to grab the
|^ in the [+]} 12. Rxe8+ Qxe8 {after} 13. c4 $1 c5 14. Bb2 Nb6 15. Rc1 Be6 {
provoking d5, which was in the air anyway.} 16. d5 Bg4 17. h3 Bxf3 18. Qxf3 Qd7
19. Bf1 Re8 20. Ba1 $14 {with a strong o^ on d5 and ^^, Lima-Rubinetti, Sao
Paulo, zt 1993.}) 12. Ne5 (12. Nd2 Bb4 (12... c6 13. Ne4) 13. Rb1 a5 (13... Bc3
{is also enough for equalization:} 14. Ba3 Bxd2 15. Qxd2 Nc4 16. Qc3 Nxa3 17.
Qxa3 Qxd4 $11) 14. Bb2 (14. a3 {is too optimistic:} Bc3 15. Re3 Bxd2 16. Bxd2
Qxd4 17. Qe1 Nc4 18. Bc3 Qc5 $15 {Stripunsky-Kazhgaleyev, Komercni Banka op
1996}) 14... Na4 15. Ba1 Nc3 16. Bxc3 Bxc3 17. Bxb7 Rb8 18. Bxc8 Rxb1 19. Qxb1
Qxc8 20. Rd1 Bxd4 $11 {wins back the P.}) (12. a4 a5 (12... c6 {allows White
to chase the N.} 13. a5 Nc4 14. Qd3 Nxa5 15. Bd2 b6 16. Bxa5 bxa5 17. Ne5 Bxe5
18. Rxe5 $14) 13. Ne5 (13. Nd2 c6 14. Ne4 (14. c4 $2 Bb4) 14... Be7 $11) 13...
c6 14. Ba3 Bxa3 15. Rxa3 Be6 $11) 12... c6 {/\ Be6} 13. c3 (13. a4 a5 14. Qd3
Be6 (14... Nd5 15. Nc4 Bb4 16. Bd2 Qf6 17. Re5 Rd8 18. c3 Bf8 19. Rb1 $14 {
Soltis-Kobese, San Francisco Mechanics 1998}) 15. Ba3 Bxa3 16. Rxa3 Re8 $11 {
and Black has nothing to fear.}) (13. Qh5 Qf6 14. c4 Bxe5 15. dxe5 Qe6 {>< c4}
16. c5 Nd5 {The N is very well-posted here.} 17. h3 f5 18. Bd2 Qf7 19. Qh4 Be6
$13 {Bruestkern-Meissner, Oberliga Nord 1991}) 13... Be6 14. Qh5 $6 (14. a4 {
as in the previous moves was required.} Bxe5 15. Rxe5 Bd5 $11) 14... Re8 (14...
Bd5 $15 {exchanges the important fianchettoed B in order to put pressure on
the weakened light squares.}) 15. Bf4 Nd5 16. Bd2 Nf6 17. Qd1 Bd5 18. Qc2 $2 {
This simply loses a vital P.} (18. f3 c5 19. Bf4 (19. c4 $2 cxd4 $1) 19... cxd4
20. cxd4 Rc8 $15) (18. Rb1 $1 {was the best move to use the b <->.} Bxg2 (18...
Qc7 19. c4 Bxg2 20. Kxg2 Bxe5 21. Rxe5 Rxe5 22. Bf4 Nd7 23. dxe5 Nxe5 24. Qh5
f6 $1 (24... Re8 25. Re1) 25. Bxe5 fxe5 26. Re1 Qf7 $11) 19. Kxg2 Bxe5 20. dxe5
Qd5+ 21. Qf3 Qxd2 22. Red1 Qxa2 23. exf6 Qe2 $11) 18... Bxg2 19. Kxg2 Bxe5 20.
dxe5 Qd5+ 21. f3 (21. Kg1 Ng4 $1 $17) 21... Rxe5 22. c4 Qe6 23. Rxe5 Qxe5 {
Now Black is a healthy P up.} 24. Re1 Qc5 25. Be3 Qa3 26. Bc1 Qf8 $2 {This is
too passive.} (26... Qb4 27. Bd2 Qd6 28. Bf4 Qd7 $17 {keeps the extra P for
Black.}) 27. Qb2 $1 {with double attack on b7 and h6!} Re8 28. Rxe8 Qxe8 29.
Bxh6 $1 $11 gxh6 30. Qxf6 {The Q _|_ is drawish.} Qe2+ 31. Kg1 Qxc4 32. Qxh6
Qd4+ 33. Kg2 c5 34. Qg5+ Kf8 35. Qg4 $1 Qd2+ 36. Kf1 Qd1+ (36... Qxa2 37. Qc8+
Kg7 38. Qxc5 Qxh2 39. Qxa7 Qxg3 40. Qxb7 $11) 37. Kf2 Qd2+ 38. Kf1 Qxa2 39.
Qc8+ Kg7 40. Qxc5 Qxh2 1/2-1/2